[Event "23rd OIBM 2019"]
[Site "Gmund am Tegernsee"]
[Date "2019.10.29"]
[Round "4.43"]
[White "Santagati, Alessandro"]
[Black "Kaiser, Elmar"]
[Result "0-1"]
[WhiteElo "2288"]
[BlackElo "2131"]
[Annotator "TA"]
[PlyCount "160"]
[EventDate "2019.10.17"]
[EventType "swiss"]
[EventCountry "GER"]
[SourceTitle "playchess.com"]
[Source "ChessBase"]
[SourceQuality "1"]

{[%evp 19,160,27,24,26,35,26,96,105,97,98,117,114,142,46,86,28,152,98,104,102,130,35,36,38,54,-125,-123,-178,-183,-171,-180,-154,-170,-191,-197,-191,-158,-158,-158,-154,-154,-152,-127,-222,-247,-251,-139,-215,-203,-909,-912,-1050,-388,-896,-278,-263,-133,-118,-117,-148,-145,-217,-204,-481,-299,-277,-209,-205,-210,-504,-485,-543,-319,-541,-534,-527,-522,-490,-453,-437,-450,-448,-431,-437,-392,-360,-254,-278,-225,-225,-225,-225,-214,-225,-225,-225,-215,-242,-221,-278,-131,-131,-131,-278,-278,-278,-278,-233,-138,-321,-315,-322,-291,-164,-164,-483,-453,-430,-419,-385,-370,-318,-278,-2899,-1550,-1399,-906,-6628,-5610,-29969,-29971,-5622,-1464,-29974,-29969,-29979,-29980,-29981,-29981,-29978,-29978,-29984,-29985]} 1. e4 e5 2. Nf3 Nc6 3. Bc4 Bc5 4. O-O Nf6 5. d4 exd4 6. e5 d5 7. exf6 dxc4 8. fxg7 Rg8 9. Re1+ Be7 10. Bg5 Be6 11. Bxe7 {C56: Two Knights: 4 d4 exd4 5 0-0 Nxe4} Qxe7 (11... Kxe7 12. Re4 d3 13. Na3 Qd5 14. Rxc4 Rxg7 15. Qxd3 Qxd3 16. cxd3 Bxc4 17. Nxc4 Rd8 18. Re1+ Kf8 19. Re3 f6 {0-1 (40) Jones,G (2556)-Bruzon Batista,L (2641) ICC INT 2010}) 12. Nxd4 O-O-O (12... Rd8 $11 13. c3 Nxd4 14. cxd4 Rxg7) 13. Nxc6 $16 {White is better.} bxc6 14. Qf3 Rxg7 15. Nc3 ({Avoid the trap} 15. Qxc6 $2 Bd5 $19) 15... Qg5 16. h4 $146 ({But not} 16. Qxc6 $2 Bd5 $1 $19 {[%mdl 512]}) (16. g3 $1 $16) ({Predecessor:} 16. g3 Bd5 17. Nxd5 cxd5 18. Qa3 Kb7 {1-0 (49) Noetzel,F (2216)-Jansen,R (1751) Berlin 2018}) 16... Qc5 {White should prevent ...Rdg8.} 17. Ne4 ({White should play} 17. g3 $16) 17... Qd4 (17... Qf5 $11 18. Qa3 a5) 18. c3 (18. Rad1 $142 Bg4 19. Rxd4 Bxf3 20. Rxd8+ Kxd8 21. Nf6) 18... Qd3 {White must now prevent ...Qxf3.} 19. Re3 $1 {[%cal Re3d3]} Qc2 20. Qe2 (20. b3 $16) 20... Qxe2 $14 21. Rxe2 Bd5 22. Rae1 $2 (22. f3 $14 {keeps the upper hand.}) 22... f5 $1 $17 23. Nc5 (23. Ng5 $17 {was necessary.} h6 24. Ne6 Rxg2+ 25. Kf1) 23... Rxg2+ $19 24. Kf1 Rh2 {[%cal Rh2h1]} 25. f3 Rxh4 26. Re7 Bxf3 27. Kf2 {[#]} Be4 $1 28. Rg1 (28. Nxe4 fxe4) 28... Rh2+ 29. Ke3 {[#]} f4+ $1 30. Kxf4 {Strongly threatening Rgg7.} Bg6 31. b4 (31. Ne6 $17) 31... Rf2+ 32. Kg3 Rf5 (32... Rc2 $19 33. Ne6 Rxc3+ 34. Kf4 Rd2 35. Rxc7+ Kb8) 33. Rge1 (33. Kh4 $17) 33... Rg8 $1 34. Kg4 $2 (34. R1e3) 34... Rf2 35. Kh4 {[#]} Bf7 $2 (35... Be4 $1 {[%cal Rf2h2][%mdl 512]} 36. Re3 (36. Nxe4 Rh2#) 36... Rf4+ 37. Kh5 Bf3+ 38. Rxf3 Rxf3) 36. R1e3 $2 (36. Kh3 Rf6 37. R1e4) 36... Rf5 $2 (36... Rf6 {[%cal Rf6h6]} 37. R3e6 Rf4+ 38. Kh3 Bxe6+ 39. Rxe6 Rf3+ {[%mdl 64] Double Attack} 40. Kh2 Rxc3) 37. R7e5 Rf6 (37... Rf1 $19 {Hoping for ...Rh1+.} 38. Ne4 Rf4+ 39. Kh3 Bg6) 38. Rg5 $17 {White wants to mate with Rxg8+.} Bg6 39. Rg4 Rf1 40. Rh3 (40. a4 $17) 40... Rgf8 $19 {Threatens to win with ...Bf5.} 41. Rd4 $2 (41. Rh2 {was called for.}) 41... R8f5 {...Rg1 is the strong threat.} 42. Ne6 {intending Rd8+.} Rd5 43. Re3 Rg1 {[%csl Gg6][%cal Rd5h5]} 44. Nf4 $2 (44. Rxd5 cxd5 45. Nc5) 44... Rdg5 45. Rf3 R1g4+ 46. Kh3 Bf5 {( -> ...Rxf4+)} 47. Kh2 Rh4+ 48. Nh3 Rxd4 49. Nxg5 {[%mdl 4096] Endgame KRB-KRN} Rh4+ 50. Kg2 Rg4+ 51. Rg3 Rxg3+ 52. Kxg3 {KB-KN} Kb7 53. Kf4 Bg6 54. Ne6 Kb6 55. Nc5 a5 {And now ...axb4 would win.} 56. a3 axb4 57. axb4 Ka7 58. Ne6 Kb8 $1 59. Nd4 Be8 (59... Kb7 $19 {and Black stays clearly on top.} 60. Kg5 Be4) 60. Kg5 $17 Kb7 61. Kh6 (61. Ne6 $17) 61... Bg6 $1 $19 {[%cal Rg6d3]} 62. Kg5 Be4 63. Ne6 {[#] aiming for Nc5+.} Kc8 $1 64. Nf8 $2 (64. Kf6 $17) 64... Bd3 65. Kf6 h5 66. Kg5 {[#]} Be2 $1 67. Ng6 $2 (67. Kf4) 67... Kd7 68. Nf4 Bd1 69. Ng2 Kd6 70. Kf4 Bc2 71. Kg5 $2 (71. Ne1 Bd3 72. Ng2) 71... Ke5 72. Ne3 Bb3 73. Nf5 Ke4 74. Nd4 Ba4 75. Ne6 Ke3 (75... Kd3 $142 76. Kf4 Kxc3) 76. Nxc7 Kd3 {Black mates.} 77. Kxh5 Kxc3 78. Ne6 Kd2 79. Kg5 c3 80. Nd4 c2 {Accuracy: White = 35%, Black = 60%.} 0-1

[Event "23rd OIBM 2019"]
[Site "Gmund am Tegernsee"]
[Date "2019.10.29"]
[Round "4.44"]
[White "Karpa, Adrian"]
[Black "Markmann, Ulrich"]
[Result "1/2-1/2"]
[WhiteElo "2087"]
[BlackElo "2279"]
[Annotator "ChessBase"]
[PlyCount "65"]
[EventDate "2019.10.17"]
[EventType "swiss"]
[EventCountry "GER"]
[SourceTitle "playchess.com"]
[Source "ChessBase"]
[SourceQuality "1"]
[TimeControl "40/5400+30:1800+30"]

1. e4 c5 {[%emt 0:00:00]} 2. Nf3 {[%emt 0:00:00]} e6 {[%emt 0:00:00]} 3. d3 {[%emt 0:00:00]} d5 {[%emt 0:05:08]} 4. Nbd2 {[%emt 0:00:05]} Nc6 {[%emt 0:00:06]} 5. g3 {[%emt 0:00:08]} Bd6 {[%emt 0:00:19]} 6. Bg2 {[%emt 0:00:17]} Nge7 {[%emt 0:00:06]} 7. O-O {[%emt 0:00:14]} Qc7 {[%emt 0:00:15]} 8. Re1 {[%emt 0:00:50]} O-O {[%emt 0:18:15]} 9. c3 {[%emt 0:01:30]} dxe4 {[%emt 0:31:53]} 10. dxe4 {[%emt 0:00:26]} Rd8 {[%emt 0:00:43]} 11. Qe2 {[%emt 0:02:59]} e5 {[%emt 0:00:48]} 12. Nc4 {[%emt 0:00:34]} f6 {[%emt 0:06:27]} 13. Be3 {[%emt 0:06:46]} b6 {[%emt 0:00:35]} 14. Rad1 {[%emt 0:06:37]} Be6 {[%emt 0:01:01]} 15. Nh4 {[%emt 0:01:17]} Na5 {[%emt 0:04:52]} 16. Na3 {[%emt 0:10:16]} a6 {[%emt 0:08:03]} 17. Bc1 {[%emt 0:16:30]} c4 {[%emt 0:00:46]} 18. Nc2 {[%emt 0:03:08]} Bc5 {[%emt 0:03:00]} 19. Nf5 {[%emt 0:02:35]} Rxd1 {[%emt 0:01:56]} 20. Rxd1 {[%emt 0:00:31]} Rd8 {[%emt 0:00:02]} 21. Nfe3 {[%emt 0:02:47]} Rxd1+ {[%emt 0:01:14]} 22. Qxd1 {[%emt 0:00:06]} Qd7 {[%emt 0:00:18]} 23. Qxd7 {[%emt 0:02:55]} Bxd7 {[%emt 0:00:02]} 24. Nb4 {[%emt 0:00:17]} Bc8 {[%emt 0:06:22]} 25. Nbd5 {[%emt 0:17:45]} Nxd5 {[%emt 0:00:15]} 26. Nxd5 {[%emt 0:00:43]} Kf8 {[%emt 0:00:14]} 27. Bf3 {[%emt 0:01:21]} b5 {[%emt 0:01:35]} 28. Bd1 {[%emt 0:01:49]} Nb7 {[%emt 0:00:52]} 29. Kf1 {[%emt 0:03:27]} Nd6 {[%emt 0:00:28]} 30. f3 {[%emt 0:00:14]} Bb7 {[%emt 0:00:30]} 31. Be3 {[%emt 0:01:30]} Bxe3 {[%emt 0:00:16]} 32. Nxe3 {[%emt 0:00:06]} Ke7 {[%emt 0:00:58]} 33. a4 {[%emt 0:03:14]} 1/2-1/2

[Event "23rd OIBM 2019"]
[Site "Gmund am Tegernsee"]
[Date "2019.10.30"]
[Round "5.1"]
[White "Mons, Leon"]
[Black "Idani, Pouya"]
[Result "1/2-1/2"]
[WhiteElo "2552"]
[BlackElo "2568"]
[Annotator "ChessBase"]
[PlyCount "48"]
[EventDate "2019.10.17"]
[EventType "swiss"]
[EventCountry "GER"]
[SourceTitle "playchess.com"]
[Source "ChessBase"]
[SourceQuality "1"]
[TimeControl "40/5400+30:1800+30"]

1. e4 {[%emt 0:00:00]} e5 {[%emt 0:00:00]} 2. Nf3 {[%emt 0:00:00]} Nf6 {[%emt 0:00:00]} 3. d4 {[%emt 0:04:03]} Nxe4 {[%emt 0:03:00]} 4. Bd3 {[%emt 0:00:05]} d5 {[%emt 0:00:04]} 5. Nxe5 {[%emt 0:00:06]} Nd7 {[%emt 0:00:42]} 6. Nxd7 {[%emt 0:06:03]} Bxd7 {[%emt 0:00:05]} 7. O-O {[%emt 0:00:05]} Nf6 {[%emt 0:00:08]} 8. Bg5 {[%emt 0:07:17]} Be7 {[%emt 0:00:22]} 9. c3 {[%emt 0:03:33]} c6 {[%emt 0:01:56]} 10. Qc2 {[%emt 0:06:51]} h6 {[%emt 0:00:12]} 11. Bxf6 {[%emt 0:01:34]} Bxf6 {[%emt 0:00:06]} 12. Re1+ {[%emt 0:00:03]} Kf8 {[%emt 0:08:14]} 13. Nd2 {[%emt 0:00:12]} g6 {[%emt 0:00:35]} 14. Nf3 {[%emt 0:00:38]} Kg7 {[%emt 0:00:25]} 15. Ne5 {[%emt 0:00:37]} Bxe5 {[%emt 0:00:24]} 16. Rxe5 {[%emt 0:02:56]} Re8 {[%emt 0:03:02]} 17. Rae1 {[%emt 0:01:11]} Rxe5 {[%emt 0:02:06]} 18. Rxe5 {[%emt 0:00:15]} Qf8 {[%emt 0:00:12]} 19. Qd2 {[%emt 0:09:56]} f6 {[%emt 0:06:45]} 20. Re2 {[%emt 0:02:38]} Re8 {[%emt 0:00:55]} 21. Qf4 {[%emt 0:01:15]} Rxe2 {[%emt 0:00:06]} 22. Bxe2 {[%emt 0:00:03]} Qe7 {[%emt 0:02:58]} 23. Qc7 {[%emt 0:02:48]} Qxe2 {[%emt 0:00:06]} 24. Qxd7+ {[%emt 0:00:04]} Kf8 {[%emt 0:00:05]} 1/2-1/2

[Event "23rd OIBM 2019"]
[Site "Gmund am Tegernsee"]
[Date "2019.10.30"]
[Round "5.2"]
[White "Bernadskiy, Vitaliy"]
[Black "Asadli, Vugar"]
[Result "1-0"]
[WhiteElo "2554"]
[BlackElo "2513"]
[Annotator "TA"]
[PlyCount "121"]
[EventDate "2019.10.17"]
[EventType "swiss"]
[EventCountry "GER"]
[SourceTitle "playchess.com"]
[Source "ChessBase"]
[SourceQuality "1"]

{[%evp 9,121,25,52,47,51,33,42,42,41,54,66,29,35,25,44,41,37,40,74,62,73,67,102,94,79,74,107,94,97,96,92,82,103,95,87,49,46,35,49,45,35,24,47,43,15,16,46,39,51,52,41,35,37,43,44,56,40,17,16,23,128,128,128,128,143,112,149,140,353,351,519,473,394,345,330,334,250,254,262,262,688,591,584,346,346,346,548,514,671,664,436,346,346,346,346,346,354,354,362,362,379,379,393,393,393,393,29966,29966,29965,29966,29956,12844,11874,5547]} 1. c4 Nf6 2. Nc3 d5 3. cxd5 Nxd5 4. Nf3 g6 5. h4 h6 6. e4 {A16: English Opening: 1...Nf6 with ...d5} Nxc3 7. dxc3 Qxd1+ 8. Kxd1 {White is slightly better.} Bg4 (8... Nd7 9. Bf4 c6 10. Kc2 Bg7 11. Nd2 Be5 12. Be3 Nf6 13. f3 Nh5 {1-0 (43) Bu,X (2726)-Zeng,C (2535) China 2018}) 9. Kc2 Nd7 10. Nh2 Be6 11. Be3 Bg7 12. Nf3 c5 $146 ({Predecessor:} 12... Nb6 13. Nd4 Bd7 {½-½ (59) Tratar,M (2477)-Kokol,P (2363) Ptuj 2015}) 13. Nd2 O-O 14. Bc4 Bxc4 15. Nxc4 b6 16. Rad1 Rfd8 17. a4 {[%cal Ba2a4,Ba4a5][%mdl 32]} Kf8 18. g4 Ke8 19. f3 Rac8 20. Rd2 (20. Rhf1 {feels hotter.} Nf8 21. Bd2 Rc6 22. f4 a6 23. h5) 20... Nb8 21. Rxd8+ Rxd8 22. a5 b5 23. Na3 a6 $1 24. Bxc5 Rc8 25. Bb6 Nd7 26. Be3 b4 27. Nb1 Ne5 28. Bd4 Kf8 29. Nd2 $36 {[%mdl 2048] White has some pressure.} Nc6 30. Bxg7+ Kxg7 $14 {[%mdl 4096] Endgame KRN-KRN} 31. Ra1 g5 32. hxg5 hxg5 33. Nc4 bxc3 34. bxc3 Nd4+ (34... e6 $11) 35. cxd4 $16 Rxc4+ {KR-KR} 36. Kd3 Rb4 37. Rc1 $1 Ra4 38. Rc5 f6 $2 (38... Ra3+ $16 {was called for.} 39. Kc4 Rxf3 40. Rxg5+ Kf8) 39. e5 $18 fxe5 (39... Ra3+ $142 40. Ke4 Kf7) 40. Rxe5 Kf6 41. Rc5 e6 42. d5 Ra3+ 43. Ke2 $1 exd5 44. Rxd5 Kg6 $2 (44... Ra2+ 45. Ke3 Ra4 46. Rd6+ Ke7 47. Rxa6 Kd7 48. Ra7+ Ke6) 45. Kf2 Kf6 46. Rd6+ Kg7 47. Rxa6 Kf7 (47... Kh7 {might work better.} 48. Ke2 Kh8 49. Ra8+ Kh7) 48. Ra8 Kg7 49. a6 Kf7 50. Ke2 Kg7 51. a7 Kh7 {[#]} 52. Kd2 $1 Kg7 {[#]} 53. Kc2 $1 Kh7 54. Kb2 Ra6 55. Kb3 Kg7 56. Kb4 Ra1 57. Kc5 Ra2 $2 (57... Ra6 $18 58. Kb5 Ra3) 58. Kb6 Rb2+ 59. Kc6 Rc2+ 60. Kd6 {Rg8+ would kill now.} Ra2 61. Rc8 {Accuracy: White = 76%, Black = 54%.} 1-0

[Event "23rd OIBM 2019"]
[Site "Gmund am Tegernsee"]
[Date "2019.10.30"]
[Round "5.3"]
[White "Prusikin, Michael"]
[Black "Eljanov, Pavel"]
[Result "0-1"]
[WhiteElo "2521"]
[BlackElo "2663"]
[Annotator "TA"]
[PlyCount "78"]
[EventDate "2019.10.17"]
[EventType "swiss"]
[EventCountry "GER"]
[SourceTitle "playchess.com"]
[Source "ChessBase"]
[SourceQuality "1"]

{[%evp 9,78,9,30,20,20,7,27,9,13,5,29,12,9,14,6,10,10,9,29,-27,8,1,10,2,13,12,25,0,0,0,0,0,0,0,8,-39,-47,-47,-44,-53,-51,-86,-76,-83,-82,-87,-79,-66,-75,-122,-120,-153,-153,-153,-152,-146,-145,-169,-183,-175,-160,-186,-183,-210,-210,-210,-207,-200,-191,-189,-160]} 1. e4 c5 2. Nf3 e6 3. g3 Nc6 4. Bg2 Nf6 5. Nc3 d6 6. O-O {B50: Sicilian: 2...d6, Miscellaneous} Qb6 7. d3 Be7 8. a3 $146 {White has an edge.} ({Predecessor:} 8. Nd2 O-O 9. g4 h6 10. Kh1 Qd8 11. f4 {1-0 (21) Zivkovic,V (2413)-Kurajica,B (2555) Banja Vrucica 2009}) 8... O-O 9. Rb1 d5 10. exd5 exd5 11. Re1 h6 12. Ne5 {[#] Nxc6 is the strong threat.} Qd8 13. Bf4 Nd4 14. g4 (14. Ne2 $142) 14... Be6 15. h3 Re8 16. Ne2 Nxe2+ 17. Rxe2 Bd6 18. d4 Rc8 19. dxc5 Bxc5 20. Qd3 Ne4 21. Bxe4 dxe4 22. Qxd8 Rexd8 23. Rxe4 g5 24. Bg3 Rd2 25. b4 Bb6 $36 {[%mdl 2048] Black is really pushing.} 26. c4 f5 27. Nf3 fxe4 28. Nxd2 {[#] aiming for c5.} e3 29. Ne4 Rxc4 30. Nc5 Bxc5 {Black is clearly better.} 31. bxc5 $17 {[%mdl 4096] Endgame KRB-KRB} e2 ({Don't do} 31... Rxc5 32. fxe3 Rc3 33. Rxb7 $15) 32. f3 Bd5 33. Kf2 Rc3 (33... Rxc5 34. Kxe2 Rc3 35. Bd6 $17) 34. Kxe2 Rxa3 ({Don't play} 34... Rxf3 35. Rd1 $15) 35. h4 Bxf3+ 36. Kf2 Bc6 {White must now prevent ...Rf3+.} 37. Rg1 a5 {[%cal Ba7a5,Ba5a4][%mdl 32]} 38. hxg5 hxg5 39. Be5 a4 {Accuracy: White = 51%, Black = 88%.} 0-1

[Event "23rd OIBM 2019"]
[Site "Gmund am Tegernsee"]
[Date "2019.10.30"]
[Round "5.4"]
[White "Yankelevich, Lev"]
[Black "Demchenko, Anton"]
[Result "1/2-1/2"]
[WhiteElo "2480"]
[BlackElo "2655"]
[Annotator "TA"]
[PlyCount "56"]
[EventDate "2019.10.17"]
[EventType "swiss"]
[EventCountry "GER"]
[SourceTitle "playchess.com"]
[Source "ChessBase"]
[SourceQuality "1"]

{[%evp 9,56,9,0,-6,0,0,4,0,-10,-11,-4,-17,0,4,24,38,27,19,33,13,37,23,40,15,85,83,75,82,78,77,79,86,133,98,98,32,108,100,150,145,131,109,115,109,122,0,113,0,122]} 1. d4 Nf6 2. c4 d6 3. Nc3 e5 4. Nf3 Nc6 5. Bg5 h6 6. Bh4 {A54: Old Indian Defence with Nf3, but without e4} exd4 7. Nxd4 g5 8. Bg3 Bg7 9. e3 Nxd4 $146 ({Predecessor:} 9... O-O 10. Be2 Re8 11. Nxc6 bxc6 12. Qc2 Rb8 {0-1 (35) Semcesen,D (2471)-Rapport,R (2701) Helsingor 2014}) 10. exd4 Bf5 11. Qe2+ Kf8 12. O-O-O Qd7 13. Qd2 a6 14. a3 Rb8 15. Bd3 b5 16. c5 {Strongly threatening Bxf5.} Kg8 (16... Bxd3 $11 {remains equal.} 17. Qxd3 a5) 17. cxd6 $16 cxd6 18. Bxf5 Qxf5 19. Bxd6 Rc8 {[#] Threatens to win with ...Ne4.} 20. Bc5 Nd7 21. Bb4 Kh7 22. g4 (22. Rhe1 $16) 22... Qxg4 {[#]} ({Better is} 22... Qg6 $1 $14) 23. Qd3+ $1 Kg8 24. Kb1 Nf6 25. d5 Qc4 26. Qf5 Qg4 27. Qd3 Qc4 $1 28. Qf5 Qg4 $1 {Accuracy: White = 68%, Black = 52%.} 1/2-1/2

[Event "23rd OIBM 2019"]
[Site "Gmund am Tegernsee"]
[Date "2019.10.30"]
[Round "5.5"]
[White "Vogel, Roven"]
[Black "Gareyev, Timur"]
[Result "0-1"]
[WhiteElo "2456"]
[BlackElo "2591"]
[Annotator "ChessBase"]
[PlyCount "34"]
[EventDate "2019.10.17"]
[EventType "swiss"]
[EventCountry "GER"]
[SourceTitle "playchess.com"]
[Source "ChessBase"]
[SourceQuality "1"]
[TimeControl "40/5400+30:1800+30"]

1. d4 {[%emt 0:00:00]} Nf6 {[%emt 0:03:00]} 2. c4 {[%emt 0:00:00]} e6 {[%emt 0:00:13]} 3. g3 {[%emt 0:00:02]} Bb4+ {[%emt 0:00:50]} 4. Bd2 {[%emt 0:00:14]} a5 {[%emt 0:00:15]} 5. Bg2 {[%emt 0:00:18]} Nc6 {[%emt 0:01:23]} 6. Nf3 {[%emt 0:01:57]} d6 {[%emt 0:00:13]} 7. O-O {[%emt 0:00:33]} e5 {[%emt 0:00:17]} 8. Bxb4 {[%emt 0:11:23]} axb4 {[%emt 0:00:13]} 9. d5 {[%emt 0:00:40]} Nb8 {[%emt 0:10:51]} 10. Qd2 {[%emt 0:02:22]} c5 {[%emt 0:04:45]} 11. dxc6 {[%emt 0:01:23]} Nxc6 {[%emt 0:00:04]} 12. Rd1 {[%emt 0:01:06]} O-O {[%emt 0:04:12]} 13. Qc2 {[%emt 0:14:08]} e4 14. Nd4 {[%emt 0:06:25]} e3 {[%emt 0:00:46]} 15. fxe3 {[%emt 0:07:54]} Ng4 {[%emt 0:00:03]} 16. Bxc6 {[%emt 0:07:00]} bxc6 {[%emt 0:00:40]} 17. Nxc6 {[%emt 0:01:10]} Qf6 {[%emt 0:01:12]} 0-1

[Event "23rd OIBM 2019"]
[Site "Gmund am Tegernsee"]
[Date "2019.10.30"]
[Round "5.6"]
[White "Azarov, Sergei"]
[Black "Gukesh D"]
[Result "1-0"]
[WhiteElo "2586"]
[BlackElo "2520"]
[Annotator "TA"]
[PlyCount "97"]
[EventDate "2019.10.17"]
[EventType "swiss"]
[EventCountry "GER"]
[SourceTitle "playchess.com"]
[Source "ChessBase"]
[SourceQuality "1"]

{[%evp 19,97,0,1,0,15,0,22,6,7,14,29,23,47,15,50,26,25,26,29,23,33,15,43,47,56,56,80,45,41,39,37,0,0,0,0,0,0,0,0,0,0,0,0,5,137,183,168,176,175,163,176,187,193,182,167,160,192,192,241,241,239,234,229,225,223,215,403,403,458,454,628,578,555,548,605,459,697,712,716,693]} 1. e4 c5 2. Nf3 Nc6 3. d4 cxd4 4. Nxd4 Nf6 5. Nc3 e5 6. Ndb5 d6 7. Nd5 Nxd5 8. exd5 Nb8 {[%cal Bc6b8,Bb8d7,Bd7c5,Bc5e4,Be4f2][%mdl 32]} 9. a4 Be7 10. Be2 O-O 11. O-O {B33: Sicilian: Pelikan and Sveshnikov Variations} Nd7 12. Bd2 a6 13. Na3 {The position is equal.} a5 14. f4 (14. c3 f5 15. b4 f4 16. Nc4 b6 17. Re1 Kh8 18. Rb1 Ba6 {0-1 (33) Svidler,P (2729)-Grischuk,A (2759) Amsterdam 2019}) 14... exf4 15. Bxf4 Nc5 16. Nb5 Ne4 {[#]} 17. Bd3 $146 ({Predecessor:} 17. Ra3 Bd7 18. Kh1 Bxb5 19. Bxb5 {½-½ (38) Azarov,S (2585)-Gelfand,B (2655) Skopje 2019}) 17... Qb6+ 18. Kh1 Nf2+ 19. Rxf2 $1 Qxf2 20. Bg3 Qe3 21. Qe1 (21. Bxd6 Bxd6 22. Nxd6 Qf4 $15) 21... Qxe1+ 22. Rxe1 Bg5 23. Nc7 Rb8 24. Bxd6 Rd8 25. Bg3 {[%mdl 1024] White has compensation.} (25. Nb5 $5 {[%cal Rd6b8]} Ra8 26. Bc7 $14) 25... Bd7 26. b3 Bd2 27. Rf1 Bb4 28. h3 Rbc8 29. Bc4 f6 30. Rf3 Kh8 31. d6 Bxa4 (31... Ba3 $11 {keeps the balance.}) 32. bxa4 $16 Bxd6 33. Ne6 Re8 {[#]} 34. Bb3 $1 ({And not} 34. Bxd6 Rxc4 35. Nc7 Rd8 $17) 34... Bxg3 35. Rxg3 g6 36. Rd3 Rc6 37. Nf4 g5 38. Nh5 f5 39. Rd5 Rh6 {[#]} 40. Ng3 $1 f4 41. Nf5 Rhe6 42. Nd6 ({But not} 42. Rxa5 $6 b6) 42... g4 $2 (42... R8e7 {might work better.} 43. Nf7+ (43. Rxg5 Rg6 $16) 43... Kg7) 43. hxg4 $18 Rh6+ 44. Kg1 {White is clearly winning.} Re1+ 45. Kf2 Rhh1 {[%csl Ge1][%cal Rh1f1]} 46. Bc4 {Rg5 is the strong threat.} Rd1 47. Nxb7 Rc1 (47... Rxd5 $142 48. Bxd5 Ra1) 48. Bd3 Rhd1 49. Kf3 {Accuracy: White = 78%, Black = 44%.} 1-0

[Event "23rd OIBM 2019"]
[Site "Gmund am Tegernsee"]
[Date "2019.10.30"]
[Round "5.7"]
[White "Bellia, Fabrizio"]
[Black "Santos Latasa, Jaime"]
[Result "1/2-1/2"]
[WhiteElo "2433"]
[BlackElo "2580"]
[Annotator "TA"]
[PlyCount "96"]
[EventDate "2019.10.17"]
[EventType "swiss"]
[EventCountry "GER"]
[SourceTitle "playchess.com"]
[Source "ChessBase"]
[SourceQuality "1"]

{[%evp 30,96,24,33,15,17,15,19,36,0,0,-46,209,206,207,199,202,190,190,205,192,201,188,103,153,120,115,114,121,50,50,52,62,0,0,8,83,85,76,82,81,80,84,69,69,18,16,18,20,8,8,11,25,21,21,16,24,25,35,25,29,31,62,8,18,0,67,0,14]} 1. e4 c5 2. Nf3 d6 3. d4 cxd4 4. Nxd4 Nf6 5. Nc3 Nc6 6. Bg5 e6 7. Qd2 a6 8. O-O-O Be7 9. f4 Bd7 10. Nf3 b5 11. Bxf6 gxf6 12. f5 Qb6 13. Kb1 O-O-O 14. fxe6 fxe6 15. g3 Kb8 16. Bh3 Na5 {[#] B69: Sicilian: Richter-Rauzer: 7...a6 8 0-0-0 Bd7 9 f4 Be7 10 Nf3 b5 11 Bxf6} 17. Qh6 $146 ({Predecessor:} 17. Nd4 b4 18. Nce2 e5 19. Bxd7 Rxd7 20. Nf5 Nc4 21. Qd3 Rc8 22. Ka1 Bf8 23. b3 Na3 24. c4 bxc3 25. Nxc3 {½-½ (64) Navara,D (2734)-Saric,I (2681) Patras 2019}) 17... b4 18. Ne2 {Threatens to win with Nf4.} e5 $1 19. Bxd7 Rxd7 20. b3 Qf2 $2 {[%mdl 8192] [#]} (20... Rc8 $15 {keeps the upper hand.}) 21. Ned4 $1 $18 {[%mdl 512]} exd4 22. Nxd4 d5 23. Rd2 Bf8 {[#]} 24. Qxf8+ $1 {[%mdl 512]} Rxf8 25. Rxf2 dxe4 26. Nf5 (26. Ne6 $18 Re8 27. Nc5 (27. Rxf6 Rd6 $16)) 26... Nb7 27. Rhf1 Nd6 28. Ne3 Nb5 29. Rxf6 ({Better is} 29. Kb2 $16) 29... Rxf6 $14 30. Rxf6 $16 {[%mdl 4096] Endgame KRN-KRN} Rd2 31. Kc1 (31. Kb2 $1 $14) 31... Rxh2 $11 32. Nd5 Nc3 (32... Nd4 $11) 33. Nxb4 $16 Ne2+ 34. Kb2 a5 35. Nc6+ Kc7 36. Nxa5 Nd4 $1 37. Rf4 (37. Rf7+ $14 Kd6 38. Nc4+ Ke6 39. Rf8 Rxc2+ 40. Ka3) 37... Rxc2+ $11 38. Ka3 $1 Nb5+ 39. Kb4 Nc3 {And now ...Nd5+ would win.} 40. Rf7+ Kd6 41. Nc4+ Ke6 42. Rxh7 Nxa2+ 43. Ka3 Nc3 44. Rh6+ Ke7 45. g4 Kf8 46. Kb4 ({White should try} 46. Rh3 $14) 46... Na2+ $1 47. Ka3 Nc3 48. Kb4 ({White should play} 48. Rh3 $14) 48... Na2+ $1 {Accuracy: White = 42%, Black = 69%.} 1/2-1/2